000 00350nam a22001457a 4500
008 230316b ||||| |||| 00| 0 eng d
020 _a9780618833887
041 _aeng
080 _2NINTH EDITION
_a34
082 _a34SCH
100 _a31
101 _aJURED
245 _aINTRODUCTION TO LAW AND THE LEGAL SYSTEM
_cSCHUBERT.A.F
942 _2udc
_cBK
999 _c59365
_d59365